Análisis práctico de las Normas Internacionales de Contabilidad NIC (8-10-21-29-37) y Normas Internacionales de Información Financiera NIIF(8-11) (Registro nro. 9724)
[ vista simple ]
| 000 -CABECERA | |
|---|---|
| campo de control de longitud fija | 00973nam a22003137a 4500 |
| 005 - FECHA Y HORA DE ACTUALIZACIÓN | |
| campo de control | 20230224171924.0 |
| 008 - LONGITUD FIJA | |
| campo de control de longitud fija | 170810b2016 xxu||||| |||| 00| 0 spa d |
| 020 ## - INTERNATIONAL STANDARD BOOK NUMBER | |
| Número Internacional Estándar del Libro | 9789968482196 |
| 041 ## - IDIOMA | |
| Código de idioma del texto/pista de sonido o título separado | Español |
| 082 ## - CLASIFICACIÓN DECIMAL DEWEY | |
| Número de clasificación | 657.42 B197a |
| 100 ## - AUTOR PERSONAL | |
| Nombre de persona | Baltodano Baltodano, Arturo |
| 245 ## - TÍTULO PROPIAMENTE DICHO | |
| Título | Análisis práctico de las Normas Internacionales de Contabilidad NIC (8-10-21-29-37) y Normas Internacionales de Información Financiera NIIF(8-11) |
| 260 ## - PIE DE IMPRENTA | |
| Lugar de publicación, distribución, etc. | Costa Rica |
| 260 ## - PIE DE IMPRENTA | |
| Nombre del editor, distribuidor, etc. | EUNED |
| 260 ## - PIE DE IMPRENTA | |
| Fecha de publicación, distribución, etc. | 2016 |
| 650 ## - Materia General | |
| Materia general | CONTABILIDAD DE COSTOS |
| 650 ## - Materia General | |
| Materia general | NORMAS |
| 650 ## - Materia General | |
| Materia general | FINANZAS |
| 650 ## - Materia General | |
| Materia general | ESTABILIDAD FINANCIERA |
| 650 ## - Materia General | |
| Materia general | INFORMACIÓN FINANCIERA |
| 650 ## - Materia General | |
| Materia general | REGISTROS CONTABLES |
| 650 ## - Materia General | |
| Materia general | ESTADOS FINANCIEROS |
| 650 ## - Materia General | |
| Materia general | ECONOMÍA |
| 650 ## - Materia General | |
| Materia general | TRANSACCIONES |
| 650 ## - Materia General | |
| Materia general | LIBROS |
| 692 ## - Carreras | |
| Carrera | Dirección y Administración de Empresas |
| 942 ## - Punto de Acceso Adicional Koha | |
| Tipo de ítem Koha | Libro |
| Estado perdido | Estado dañado | No para préstamo | Biblioteca permanente | Biblioteca actual | Signatura completa | Código de barras | Precio efectivo a partir del | Programa Académico | Tipo de ítem |
|---|---|---|---|---|---|---|---|---|---|
| Departamento de Biblioteca y Documentación Alfonso Chase Brenes | Departamento de Biblioteca y Documentación Alfonso Chase Brenes | 657.42 B197a | 22484 | 10/08/2017 | Dirección y Administración de Empresas | Libro | |||
| Departamento de Biblioteca y Documentación Alfonso Chase Brenes | Departamento de Biblioteca y Documentación Alfonso Chase Brenes | 657.42 B197a | 22491 | 10/08/2017 | Dirección y Administración de Empresas | Libro | |||
| Departamento de Biblioteca y Documentación Alfonso Chase Brenes | Departamento de Biblioteca y Documentación Alfonso Chase Brenes | 657.42 B197a | 22953 | 14/03/2018 | Dirección y Administración de Empresas | Libro |